000 00482nam a2200169Ia 4500
999 _c12184
_d12184
003 OSt
005 20201014152607.0
008 190216s9999||||xx |||||||||||||| ||und||
040 _coclc
082 _a823.912
_bMAU/O
100 _aMaugham, W Somerset
_94966
245 0 _aOf Human Bondage /
_cW Somerset Maugham
260 _bHeron Books,
_c1967.
_aLondon:
300 _a478p
650 _aEnglish Novel
942 _cBK
_2ddc
_h823.912
_iMAU/O
_k823.912
_mMAU/O